Исследование функции когерентности применительно к решению задач обследования трубопроводов; Молодежь и современные информационные технологии; Т. 1
| Parent link: | Молодежь и современные информационные технологии: сборник трудов XII Всероссийской научно-практической конференции студентов, аспирантов и молодых ученых, г. Томск, 12-14 ноября 2014 г./ Национальный исследовательский Томский политехнический университет (ТПУ), Институт кибернетики (ИК) ; ред. кол. Е. А. Сикора [и др.].— , 2014 Т. 1.— 2014.— [С. 96-97] |
|---|---|
| Autor principal: | |
| Autor Corporativo: | |
| Otros Autores: | |
| Sumario: | Заглавие с титульного экрана |
| Lenguaje: | ruso |
| Publicado: |
2014
|
| Colección: | Математическое моделирование и компьютерный анализ данных |
| Materias: | |
| Acceso en línea: | http://earchive.tpu.ru/handle/11683/20352 http://www.lib.tpu.ru/fulltext/c/2014/C04/V1/040.pdf |
| Formato: | MixedMaterials Electrónico Capítulo de libro |
| KOHA link: | https://koha.lib.tpu.ru/cgi-bin/koha/opac-detail.pl?biblionumber=610571 |
MARC
| LEADER | 00000naa2a2200000 4500 | ||
|---|---|---|---|
| 001 | 610571 | ||
| 005 | 20260407145856.0 | ||
| 035 | |a (RuTPU)RU\TPU\conf\8186 | ||
| 035 | |a RU\TPU\conf\8182 | ||
| 090 | |a 610571 | ||
| 100 | |a 20150129d2014 k y0rusy50 ca | ||
| 101 | 0 | |a rus | |
| 102 | |a RU | ||
| 135 | |a drcn ---uucaa | ||
| 181 | 0 | |a i | |
| 182 | 0 | |a b | |
| 200 | 1 | |a Исследование функции когерентности применительно к решению задач обследования трубопроводов |f В. А. Фаерман |g науч. рук. В. С. Аврамчук | |
| 203 | |a Текст |c электронный | ||
| 225 | 1 | |a Математическое моделирование и компьютерный анализ данных | |
| 300 | |a Заглавие с титульного экрана | ||
| 320 | |a [Библиогр.: с. 97 (8 назв.)] | ||
| 337 | |a Adobe Reader | ||
| 461 | 1 | |0 (RuTPU)RU\TPU\conf\7802 |t Молодежь и современные информационные технологии |o сборник трудов XII Всероссийской научно-практической конференции студентов, аспирантов и молодых ученых, г. Томск, 12-14 ноября 2014 г. |o в 2 т. |f Национальный исследовательский Томский политехнический университет (ТПУ), Институт кибернетики (ИК) ; ред. кол. Е. А. Сикора [и др.] |d 2014 | |
| 463 | 0 | |0 (RuTPU)RU\TPU\conf\7790 |t Т. 1 |v [С. 96-97] |d 2014 | |
| 610 | 1 | |a труды учёных ТПУ | |
| 610 | 1 | |a электронный ресурс | |
| 610 | 1 | |a функция когерентности | |
| 610 | 1 | |a решение задач | |
| 610 | 1 | |a обследование | |
| 610 | 1 | |a трубопроводы | |
| 610 | 1 | |a сигналы | |
| 700 | 1 | |a Фаерман |b В. А. |c специалист в области информатики и вычислительной техники |c инженер Томского политехнического университета |f 1990- |g Владимир Андреевич |3 (RuTPU)RU\TPU\pers\32932 | |
| 702 | 1 | |a Аврамчук |b В. С. |c специалист в области автоматики и компьютерной техники |c доцент Томского политехнического университета, кандидат технических наук |f 1978- |g Валерий Степанович |4 727 | |
| 712 | 0 | 2 | |a Национальный исследовательский Томский политехнический университет (ТПУ) |b Институт кибернетики (ИК) |b Кафедра автоматики и компьютерных систем (АИКС) |3 (RuTPU)RU\TPU\col\18698 |
| 801 | 2 | |a RU |b 63413507 |c 20210317 |g RCR | |
| 856 | 4 | |u http://earchive.tpu.ru/handle/11683/20352 | |
| 856 | 4 | |u http://www.lib.tpu.ru/fulltext/c/2014/C04/V1/040.pdf | |
| 942 | |c BK | ||